00824cam a2200265 a 4500999001500000001000600015003000900021005001700030008004100047020001800088035002300106040004300129082001800172100002000190245004200210250001200252260003300264300004100297500002000338650001800358650002100376650003300397942001200430952011600442 c2943d294320762BD-DhUAP20200229162316.0200229s2014 enka b 001 0deng  a9783037681633 a(OCoLC)ocm51841593 aUKMcUKMdORUdIXAdC#PdBD-DhUAPbEng04a741.6 LUC2231 a Lucas, Dorian.10aGraphic design x100 /cDorian Lucas. a1st ed. aSalenstein :bBraun,cc2014. a216 pages :billustrations ;c28 cm. aIncludes index. aGraphic arts. aGraphic artists. aGraphic design (Typography). 2ddccBK 00102ddc4070aUAPCLbUAPCLcGeneral Stacksd2020-02-29o741.6 LUCp3010020762r2020-02-29t1w2020-02-29yBK